Trasa Warszawskiej linii autobusowej 527 - Statystyki

Ogólne statystyki
  • Ten quiz został rozwiązany 14 razy
  • Średni wynik to 9 z 10
Statystyki odpowiedzi
Dzielnica Przystanek % Poprawnych
Targówek Centrum Handlowe Targówek
100%
Białołęka Jesiennych Liści
100%
Targówek Metro Kondratowicza
100%
Białołęka Osiedle Derby
100%
Białołęka Grodzisk
90%
Białołęka Kąty Grodziskie
90%
Białołęka Osiedle Derby III
90%
Białołęka Osiedle Derby VI
90%
Białołęka Skarbka z Gór
90%
Białołęka Park Magiczny
80%
Nie znaleziono quizów pasujących do podanych kryteriów
Rozkład punktacji
Procent ludzi z każdym wynikiem
Percentyl według liczby udzielonych odpowiedzi
Twoja historia wyników
Nie rozwiązałeś tego quizu